Fiatal műszakiak tudományos ülésszaka XV. : International scientific conference. Kolozsvár, 2010.március 25-26

Salvato in:
Dettagli Bibliografici
Natura: Libro
Lingua:ungherese
Pubblicazione: Kolozsvár : Erdélyi Múzeum Egyesület, 2010
Tags: Aggiungi Tag
Nessun Tag, puoi essere il primo ad aggiungerne!!

MARC

LEADER 00000nam a22000003a 4500
001 stu202030
005 20150408182819.3
008 100407s2010----hu------------------hun-d
020 |a 2067-6808 
040 |a STU  |b slo 
041 0 |a hun 
044 |a hu 
245 |a Fiatal műszakiak tudományos ülésszaka XV. :  |b International scientific conference. Kolozsvár, 2010.március 25-26 
260 |a Kolozsvár :  |b Erdélyi Múzeum Egyesület,  |c 2010 
300 |a 355 s 
996 |b 284M078117  |c M*Z-3593  |l MMKN  |s A  |a 24  |w stu202030_0001 
996 |b 284M078118  |c M*Z-3594  |l MMKN  |s A  |a 24  |w stu202030_0002 
996 |b 284M078434  |c M*Z-3659  |l MMKN  |s A  |a 24  |w stu202030_0003